00258nam a2200097Ia 4500008004100000100002200041245003800063260003300101260000900134999001700143170620s9999 xx 000 0 und d aBrennan- James F. 0aHistory and Systems of Psychology bNew Delhi- Pearson Education c2008 c25055d25055